000 00666nam a2200217Ii 4500
003 JO-AjNU
008 230605s9999||||xx |||||||||||||| ||und||
017 _a31808
040 _aJO-AjNU
_bara
_erda
_cJO-AjNU
041 _aara
050 1 4 _aBP166.78 1988
100 3 _aعدس، محمد عبد الرحيم,
_eauthor
_910286
245 0 0 _aالمؤمنون
250 _aط1
264 3 1 _aعمان: دار مجدلاوي للنشر والتوزيع، 1988
300 _a178ص
336 _atext
_btxt
_2rdacontent
337 _aunmediated
_bn
_2rdamedia
338 _avolume
_bnc
_2rdacarrier
650 4 _aالاخلاق الاسلامية- الايمان
_910287
999 _aA1729
_c5297
_d5297